=LDR 00000nam 2200000 4500 =001 INLIS000000000015311 =005 20130612110606 =008 ***********************************Ind** =035 ##$$0010-061300000015311 =041 ##$$a Ind =082 ##$$a 636 =090 ##$$a 636, NOO-g =100 ##$$a Noor, Rony Rachman =245 ##$$a Genetik Ternak, Rony Rahman, Noor =260 ##$$a 1996 $b Jakarta =300 ##$$a IV, 100 hlm, Ilus, 24 cm =650 ##$$a Ternak =850 ##$$a NBPNMAT